| 000 | 00788cam a2200217 a 4500 | ||
|---|---|---|---|
| 020 | _a0340676434 | ||
| 082 | 0 | 0 |
_a693/.21 _bKNI _cL-39, P-170 |
| 100 | 1 |
_aKnight, Terry _945680 |
|
| 245 | 1 | 0 |
_aCreative brickwork _cTerry Knight on behalf of the Brick Development Association. |
| 250 | _a1997 | ||
| 260 |
_aLondon : _bArnold, _c1997. |
||
| 300 |
_avi, 117 p., [32] p. of plates : _bill. (some col.) ; _c25 cm. |
||
| 526 |
_a0 _b0 _c0 _d693_210000000000000_KNI |
||
| 650 | 0 |
_aBuilding, Brick _zGreat Britain. _945681 |
|
| 650 | 0 |
_aBuilding, Brick. _927274 |
|
| 650 | 0 |
_aMCE _9379 |
|
| 710 | 2 |
_aBrick Development Association. _945682 |
|
| 856 | 4 | 1 | _uhttp://www.loc.gov/catdir/toc/els051/00421488.html |
| 856 | 4 | 2 | _uhttp://www.loc.gov/catdir/description/els041/00421488.html |
| 942 |
_2ddc _cBK |
||
| 999 |
_c549160 _d549160 |
||